Rozpoznaj klub po piłkarzu-Poziom Łatwy - Statystyki

Ogólne statystyki
  • Ten quiz został rozwiązany 1 541 razy
  • Średni wynik to 13 z 16
Statystyki odpowiedzi
Podpowiedź Odpowiedź % Poprawnych
Salah Liverpool
99%
Milik Juventus
95%
Messi PSG
95%
Son Tottenham
84%
Bale Los Angeles FC
82%
Błaszczykowski Wisła Kraków
82%
Lukaku Inter Mediolan
81%
Fabio Vieira Arsenal
80%
Sane Bayern Munchen
80%
Reus Borussia Dortmund
79%
Pedro Lazio
70%
Cavani Valencia
69%
Leno Fulham
67%
Glik Benevento Calcio
66%
Balotelli FC Sion
66%
Havertz Chelsea
63%
Nie znaleziono quizów pasujących do podanych kryteriów
Rozkład punktacji
Procent ludzi z każdym wynikiem
Percentyl według liczby udzielonych odpowiedzi
Twoja historia wyników
Nie rozwiązałeś tego quizu